Školy viac napredujú, ak vtiahnu rodičov
Rozhovor s fínskou ministerskou školstva o vzdelávaní vo Fínsku, o kvalite školstva, o spolupráci učiteľov s rodičmi, o prístupe k vzdelávaniu.
Gespeichert in:
| 1. Verfasser: | |
|---|---|
| Weitere Verfasser: | |
| Format: | Buchkapitel |
| Sprache: | Slowakisch |
| Schlagworte: | |
| Tags: |
Keine Tags, Fügen Sie das erste Tag hinzu!
|
MARC
| LEADER | 00000naa a2200000 4500 | ||
|---|---|---|---|
| 001 | 0182447 | ||
| 005 | 20231113100820.4 | ||
| 041 | 0 | |a slo | |
| 044 | |a SK | ||
| 245 | 1 | 0 | |a Školy viac napredujú, ak vtiahnu rodičov |c Zuzana Petková, Krista Kiuru |
| 520 | |a Rozhovor s fínskou ministerskou školstva o vzdelávaní vo Fínsku, o kvalite školstva, o spolupráci učiteľov s rodičmi, o prístupe k vzdelávaniu. | ||
| 610 | 2 | 0 | |a vzdelávanie |
| 610 | 2 | 0 | |a školstvo |
| 610 | 2 | 0 | |a kvalita vzdelávania |
| 610 | 2 | 0 | |a Fínsko |
| 100 | 1 | |a Petková, Zuzana | |
| 700 | 1 | |a Kiuru, Krista | |